LEADER 01299nam--2200397---450- 001 990000804800203316 005 20091202115315.0 010 $a88-14-06132-7 035 $a0080480 035 $aUSA010080480 035 $a(ALEPH)000080480USA01 035 $a0080480 100 $a20011210d1996----km-y0itay0103----ba 101 $aita 102 $aIT 105 $a||||||||001yy 200 1 $a<> manifesti politici$eregolamneto degli spazi e le affissoni$eproblemi e casi pratici, schema del regolamento$fF. Calderone... [et al.] 210 $aMilano$cGiuffré$d1996 215 $aX, 93 p$d24 cm 225 2 $aCosa & come$iEnti Locali$v17 410 $12001$aCosa & come$iEnti Locali$v17 606 0 $aManifesti politici$xRegolamenti comunali 676 $a342.45078 702 1$aCALDERONE,$bFrancesco 801 0$aIT$bsalbc$gISBD 912 $a990000804800203316 951 $aXXX.B. Coll. 13/ 251 (IRA 40 158)$b12764 G.$cXXX.B. Coll. 13/ (IRA 40)$d00128534 959 $aBK 969 $aGIU 979 $aPATTY$b90$c20011210$lUSA01$h1613 979 $aPATTY$b90$c20020327$lUSA01$h1730 979 $c20020403$lUSA01$h1727 979 $aPATRY$b90$c20040406$lUSA01$h1655 979 $aRSIAV1$b90$c20091202$lUSA01$h1153 996 $aManifesti politici$9966535 997 $aUNISA LEADER 03138nam 22006732 450 001 9910459704803321 005 20151005020623.0 010 $a1-107-22090-4 010 $a1-139-03602-5 010 $a1-283-05207-5 010 $a9786613052070 010 $a1-139-04148-7 010 $a1-139-04225-4 010 $a1-139-04488-5 010 $a1-139-03834-6 010 $a0-511-78227-6 010 $a1-139-04071-5 035 $a(CKB)2670000000077432 035 $a(EBL)674663 035 $a(OCoLC)710974875 035 $a(SSID)ssj0000467104 035 $a(PQKBManifestationID)11312665 035 $a(PQKBTitleCode)TC0000467104 035 $a(PQKBWorkID)10467161 035 $a(PQKB)11751972 035 $a(UkCbUP)CR9780511782275 035 $a(MiAaPQ)EBC674663 035 $a(Au-PeEL)EBL674663 035 $a(CaPaEBR)ebr10460554 035 $a(CaONFJC)MIL305207 035 $a(EXLCZ)992670000000077432 100 $a20100519d2011|||| uy| 0 101 0 $aeng 135 $aur||||||||||| 181 $ctxt$2rdacontent 182 $cc$2rdamedia 183 $acr$2rdacarrier 200 10$aAuthoring war $ethe literary representation of war from the Iliad to Iraq /$fKate McLoughlin$b[electronic resource] 210 1$aCambridge :$cCambridge University Press,$d2011. 215 $a1 online resource (ix, 221 pages) $cdigital, PDF file(s) 300 $aTitle from publisher's bibliographic system (viewed on 05 Oct 2015). 311 $a1-107-62363-4 311 $a1-107-00390-3 320 $aIncludes bibliographical references and index. 327 $aIntroduction: authoring war -- 1. Credentials -- 2. Details -- 3. Zones -- 4. Duration -- 5. Diversions -- 6. Laughter -- Conclusion: to perpetual peace. 330 $aKate McLoughlin's Authoring War is an ambitious and pioneering study of war writing across all literary genres from earliest times to the present day. Examining a range of cultures, she brings wide reading and close rhetorical analysis to illuminate how writers have met the challenge of representing violence, chaos and loss. War gives rise to problems of epistemology, scale, space, time, language and logic. She emphasises the importance of form to an understanding of war literature and establishes connections across periods and cultures from Homer to the 'War on Terror'. Exciting new critical groupings arise in consequence, as Byron's Don Juan is read alongside Heller's Catch-22 and English Civil War poetry alongside Second World War letters. Innovative in its approach and inventive in its encyclopedic range, Authoring War will be indispensable to any discussion of war representation. 606 $aWar in literature 606 $aWar and literature 615 0$aWar in literature. 615 0$aWar and literature. 676 $a809/.933581 700 $aMcLoughlin$b Catherine Mary$f1970-$01046143 801 0$bUkCbUP 801 1$bUkCbUP 856 40$ahttps://ebookcentral.proquest.com/lib/northumbria/detail.action?docID=674663 906 $aBOOK 912 $a9910459704803321 996 $aAuthoring war$92472848 997 $aUNINA